Szczegóły MARC21

Czynniki oddziałujące na poziom uzdolnień : (na przykładzie uzdolnień matematycznych) /

003 -Nazwa inst., której nr kontr. jest w polu 001 [,]
    • @
    • Nazwa instytucji, której n kontrolny jest w polu 001
    • NUKAT
005 -DATA I CZAS OSTATNIEJ MODYFIKACJI [,]
    • @
    • pole kontrolne
    • 20241231113339.0
020 -Międzynarod. znormalizowany nr książki - ISBN [ , ]
    • a
    • Numer ISBN
    • 8323202907 Find
040 -Instytucja sporządzająca opis [ , ]
    • a
    • Instytucja, która sporządziła opis (NP)
    • KAT U/30HG
    • c
    • Instytucja, która sporządziła rekord (NP)
    • KAT U/30HG
    • d
    • Instytucja, która zmodyfikowała rekord (P)
    • KAT U/30MS
041 -Język dokumentu [0, ]
    • a
    • Język tekstu (P)
    • polski
    • b
    • Język streszczeń lub abstraktu (P)
    • angielski
942 -Rodzaj dokumentu [ , ]
    • c
    • Rodzaj dokumentu
    • Książka
100 -Hasło główne - nazwa osobowa [1, ]
    • a
    • Nazwa osobowa (NP)
    • Kotlarski, Kazimierz
    • d
    • Daty biograficzne (NP)
    • (1943- ).
    • 9
    • KHW
    • 10544
245 -Strefa tytułu i oznaczenia odpowiedzialności [1,0]
    • a
    • Tytuł
    • Czynniki oddziałujące na poziom uzdolnień : Find
    • b
    • Ciąg dalszy tytułu (NP)
    • (na przykładzie uzdolnień matematycznych) / Find
    • c
    • Pozostałe elementy strefy tytułu i oznaczenia odpowiedzialności (NP)
    • Kazimierz Kotlarski.
260 -Strefa adresu wydawniczego [ , ]
    • a
    • Miejsce wydania (P)
    • Poznań :
    • b
    • Nazwa wydawcy (P)
    • Uniwersytet im. Adama Mickiewicza,
    • c
    • Data wydania (P)
    • 1990.
300 -Strefa opisu fizycznego [ , ]
    • a
    • Określenie formy książki i/lub objętość (NP)
    • 172 s. ;
    • c
    • Format (NP)
    • 24 cm.
336 -Typ zawartości [ , ]
    • a
    • Termin opisujący typ zawartości
    • Tekst
    • b
    • Kod określający zawartość
    • txt
    • 2
    • Źródło (terminu i kodu)
    • rdacontent
337 -Typ mediów [ , ]
    • a
    • Tryb odtwarzania
    • Bez urządzenia pośredniczącego
    • b
    • Kod typu mediów
    • n
    • 2
    • Źródło (terminu i kodu)
    • rdamedia
338 -Typ/rodzaj nośnika [ , ]
    • a
    • Hasło opisujące typ nośnika
    • Wolumin
    • b
    • Kod typu nośnika
    • nc
    • 2
    • Źródło (terminu i kodu)
    • rdacarrier
490 -Strefa serii i książki wielotomowej - forma nie do wyszukiwania [1, ]
    • a
    • Tytuł (P)
    • Seria Psychologia - Pedagogika / Uniwersytet im. Adama Mickiewicza w Poznaniu, Find
    • x
    • ISSN (NP)
    • 0860-1380 ;
    • v
    • Numeracja (P)
    • nr 86
830 -Hasło dodatkowe serii i opisu książki wielotomowej - tytuł ujednolicony/tytuł [ ,0]
    • a
    • Tytuł ujednolicony/tytuł (NP)
    • Prace Wydziału Filozoficzno-Historycznego - Uniwersytet im. Adama Mickiewicza w Poznaniu.
    • p
    • Nazwa części/podserii/sekcji (P)
    • Seria Psychologia i Pedagogika
    • x
    • ISSN
    • 0860-1380
    • v
    • Oznaczenie tomu (NP)
    • nr 86
    • 9
    • KHW
    • 44792
504 -Uwaga dot. bibliogr. załącznikowej [ , ]
    • a
    • Uwaga dot. bibliografii załącznikowej
    • Bibliogr. s. 154-164.
546 -Uwaga dot. języka [ , ]
    • a
    • Uwaga dot. języka
    • Streszcz. ang.
080 -Uniwersalna Klasyfikacja Dziesiętna [ , ]
    • 2
    • Identyfikator wydania tablic
    • UDC-P058
    • 9
    • UKD
    • 2430
    • a
    • Symbol klasyfikacji
    • 159.928
    • b
    • Dopowiedzenie
    • Talenty. Uzdolnienia. Talenty i uzdolnienia ogólne i specjalne.
080 -Uniwersalna Klasyfikacja Dziesiętna [ , ]
    • 2
    • Identyfikator wydania tablic
    • UDC-P058
    • 9
    • UKD
    • 3853
    • a
    • Symbol klasyfikacji
    • 37.042
    • b
    • Dopowiedzenie
    • Predyspozycje indywidualne ucznia. Możliwości fizyczne i umysłowe ucznia.
650 -Hasło przedmiotowe [ ,7]
    • a
    • Hasło przedmiotowe
    • Dzieci
    • x
    • Określnik rzeczowy
    • rozwój.
    • 2
    • Źródło terminu
    • kaba
    • 9
    • KHW
    • 106868
650 -Hasło przedmiotowe [ ,7]
    • a
    • Hasło przedmiotowe
    • Dzieci
    • x
    • Określnik rzeczowy
    • poziom intelektualny.
    • 2
    • Źródło terminu
    • kaba
    • 9
    • KHW
    • 106856
650 -Hasło przedmiotowe [ ,7]
    • a
    • Hasło przedmiotowe
    • Uzdolnienia matematyczne.
    • 2
    • Źródło terminu
    • kaba
    • 9
    • KHW
    • 134850
650 -Hasło przedmiotowe [ ,7]
    • a
    • Hasło przedmiotowe
    • Uzdolnienia u dzieci.
    • 2
    • Źródło terminu
    • kaba
    • 9
    • KHW
    • 134856
980 -Symbol UKD [ , ]
    • a
    • UKD
    • 159.928:37.042
710 -Hasło dodatkowe - nazwa ciała zbiorowego [2, ]
    • a
    • Nazwa ciała zbiorowego lub nazwa geograficzna jako pierwszy element (NP)
    • Uniwersytet im. Adama Mickiewicza (Poznań).
    • b
    • Nazwa jednostki podrzędnej (P)
    • Wydawnictwo Naukowe.
    • 4
    • Kod relacji
    • pbl
    • 9
    • KHW
    • 52821
920 -ISBN [ , ]
    • a
    • ISBN
    • 83-232-0290-7 Find
931 -Powiązanie tyt. z wydaw. ciągłym [ , ]
    • a
    • Powiązanie tytułówki z wydaw. ciągłym
    • PATRZ WYDAWNICTWO CIĄGŁE
    • z
    • Numer rek. powiązanego
    • 119467